Gaming Quiz

Random Gaming Quiz

Textless Hearthstone cards (Karazhan) Quiz Stats

 Plays Quiz not verified by Sporcle

Support Sporcle.
Go Orange.
Score 0/29 Timer 06:00
0 Plays Today
Mana Cost Card % Correct
0Wisp
90.2%
4Chillwind Yeti
82.2%
0Murloc Tinyfin
77.1%
10Faceless Behemoth
76.5%
7War Golem
74.5%
2Bloodfen Raptor
71.6%
2River Crocolisk
70.5%
6Boulderfist Ogre
68.4%
3Spider Tank
65.8%
5Pit Fighter
64%
3Magma Rager
58.2%
1Murloc Raider
58.2%
3Ice Rager
54.5%
8Eldritch Horror
54%
7Core Hound
52.7%
Mana Cost Card % Correct
1Enchanted Raven
51%
7Captured Jormungar
46.2%
7Fearsome Doomguard
43.3%
3Am'gam Rager
42.8%
3Carrion Grub
37.4%
4Lost Tallstrider
36%
5Salty Dog
32.4%
2Puddlestomper
32.4%
4Oasis Snapjaw
31.3%
2Duskboar
28.3%
2Fiery War Axe
17.1%
5Arcanite Reaper
15.6%
1Light's Justice
15.6%
5Assassin's Blade
12.7%

You're not logged in!

Compare scores with friends on all Sporcle quizzes.
OR
Log In

From the Vault

What's Goozlum?

by MSUKent

In the Pacific Northwest, learning to properly pronounce 'Geoduck' is a rite of passage.
Remove Ads.
Support Sporcle.
Get the best of Sporcle when you Go Orange. This ad-free experience offers more features, more stats, and more fun while also helping to support Sporcle. Thank you for becoming a member.

Show Comments

Extras

Top Quizzes Today


Score Distribution

Your Account Isn't Verified!

In order to create a playlist on Sporcle, you need to verify the email address you used during registration. Go to your Sporcle Settings to finish the process.

Report this User

Report this user for behavior that violates our Community Guidelines.

Details: